Climates of the southern continents : present, past and future

Αποθηκεύτηκε σε:
Λεπτομέρειες βιβλιογραφικής εγγραφής
Άλλοι συγγραφείς: Hobbs, J. E. (Jack E.) (Επιμελητής έκδοσης), Lindesay, Janette (Επιμελητής έκδοσης), Bridgman, H. A. (Howard A.) (Επιμελητής έκδοσης)
Μορφή: Βιβλίο
Γλώσσα:English
Δημοσίευση: Chichester : John Wiley & Sons, c1998
Σειρά:Belhaven studies in climatology
Θέματα:
Ετικέτες: Προσθήκη ετικέτας
Δεν υπάρχουν, Καταχωρήστε ετικέτα πρώτοι!

MARC

LEADER 00000nam a2200000 i 4500
001 1/89639
008 990914s1998 eng d
020 |a 0-471-94926-4 
035 |l 10052843 
040 |a GR-MY-UA  |b gre  |e aacr 
041 0 |a eng 
082 0 |a 551.691814 
245 1 0 |a Climates of the southern continents :  |b present, past and future /  |c Edited by J.E.Hobbs, J.A. Lindesay, and H.A. Bridgman 
260 |a Chichester :   |b John Wiley & Sons,   |c c1998 
300 |a 297 p.  |b fig.; tabl. 
490 1 |a Belhaven studies in climatology 
504 |a Includes bibliographical references and index 
651 0 |a Southern Hemisphere  |x Climate. 
700 1 |a Hobbs, J. E. (Jack E.)  |4 edt 
700 1 |a Lindesay, Janette.  |4 edt 
700 1 |a Bridgman, H. A.  |q (Howard A.)  |4 edt 
830 0 |a Belhaven studies in climatology 
852 |a INST  |b LESVOS  |e 19990914  |h 551.691814 CLI  |p 005100019448  |q 005100019448  |t BK  |y 0 
901 |a BIBL1-1999-3 
909 |a Λ  |b 066463 
922 |a 1ΕΛΗ  |b 199906  |c ΚΠΣ/ΤΓ  |d ΠΑΠΑΣΩΤΗΡΙΟΥ 
950 |a 118-1998-07-21 
970 |a ΜΟΥΣΤΑΚΑ  |b ΠΗΝΕΛΟΠΗ  |z 1999/09/23